000 00496nam a2200193Ia 4500
008 180207s9999 xx 000 0 und d
020 _a9780062350015
050 _bA917 2014
100 _aAuerbach, Annie
245 _aPaddington :
245 _bPaddington's adventures /
245 _cadapted by Annie Auerbach ; written by Michael Bond.
260 _aNew York :
260 _bHarper,
260 _c2014
300 _a31 pages :
300 _bcolor illustration ;
300 _c23cm.
999 _c355502
_d355502